[Event "GER-chT U10"]
[Site "Magdeburg"]
[Date "2016.12.29"]
[Round "6.3"]
[White "Hierl, Andreas"]
[Black "Lentz, Johannes Carl"]
[Result "0-1"]
[WhiteElo "600"]
[BlackElo "600"]
[PlyCount "88"]
[EventDate "2016.12.27"]
[EventType "team-swiss"]
[EventRounds "7"]
[EventCountry "GER"]
[SourceTitle "EXT 2018"]
[Source "ChessBase"]
[SourceDate "2017.10.13"]
[SourceVersion "1"]
[SourceVersionDate "2017.10.13"]
[SourceQuality "1"]
[WhiteTeam "Neumarkt"]
[BlackTeam "Langenfeld"]
[WhiteTeamCountry "GER"]
[BlackTeamCountry "GER"]

1. e4 c5 2. Nc3 e6 3. Nf3 a6 4. Bc4 Nc6 5. d3 Qc7 6. 0-0 Nf6 7. Bd2 Be7 8. Qc1 0-0 9. Bf4 d6 10. Qd2 b5 11. Bb3 Bb7 12. Qe3 e5 13. Bg3 Qd7 14. Nd5 Nd4 15. Nb6 Qg4 16. Nxa8 Bxa8 17. c3 Nxf3+ 18. gxf3 Qg6 19. f4 exf4 20. Qxf4 Bc6 21. Kh1 Bd7 22. Rad1 Nh5 23. Qf3 Nxg3+ 24. fxg3 Bg4 25. Qf2 Bxd1 26. Rxd1 Re8 27. Rg1 Rf8 28. h4 Bf6 29. g4 h5 30. Bd1 b4 31. gxh5 Qh6 32. cxb4 Bd4 33. Qg2 Bxg1 34. Qxg1 Qf4 35. Qe1 Rb8 36. a3 a5 37. Kg1 axb4 38. axb4 Rxb4 39. b3 Rb6 40. Kg2 Ra6 41. Bc2 Ra2 42. Qd1 Qxh4 43. Kf1 Qh2 44. Bb1 Qf2# 0-1

[Event "GER-chT U10"]
[Site "Magdeburg"]
[Date "2016.12.28"]
[Round "4.3"]
[White "Lentz, Johannes Carl"]
[Black "Lautenbach, Ferdinand"]
[Result "0-1"]
[WhiteElo "600"]
[BlackElo "852"]
[PlyCount "58"]
[EventDate "2016.12.27"]
[EventType "team-swiss"]
[EventRounds "7"]
[EventCountry "GER"]
[SourceTitle "EXT 2018"]
[Source "ChessBase"]
[SourceDate "2017.10.13"]
[SourceVersion "1"]
[SourceVersionDate "2017.10.13"]
[SourceQuality "1"]
[WhiteTeam "Langenfeld"]
[BlackTeam "Walldorf"]
[WhiteTeamCountry "GER"]
[BlackTeamCountry "GER"]

1. e4 e5 2. Nf3 Nc6 3. Bc4 Nf6 4. Ng5 d5 5. exd5 Nxd5 6. Nxf7 Kxf7 7. Nc3 Be6 8. 0-0 Qf6 9. Nxd5 Bxd5 10. Bxd5+ Ke8 11. d3 Rd8 12. Bc4 Bd6 13. Be3 Nd4 14. Bxd4 exd4 15. Qh5+ g6 16. Qe2+ Be5 17. Qe4 Qf4 18. g3 Qxe4 19. dxe4 c6 20. Rad1 b5 21. Be2 h5 22. Rd3 h4 23. Rc3 dxc3 24. bxc3 hxg3 25. fxg3 Bxc3 26. Rf4 Rd2 27. Bd3 Rhxh2 28. Rg4 Rhg2+ 29. Kf1 Rdf2# 0-1